Регионална библиотека "Любен Каравелов" - Русе

История на света (Запис номер 112305)

MARC детайли
000 -Лидер
Контролно поле с фиксирана дължина 01404nam a2200337 c 4500
003 - Код на организацията, давaща контролен номер
Контролно поле BLK
005 - Дата и час на последна редакция
Контролно поле 20210104122602.0
008 - Елементи от данни с фиксирана дължина
fixed length control field 180409b bul|||||r ||||||| ||bul||
010 ## - Наследен системен номер
LC control number KNG00117670000
020 ## - Международен стандартен номер на книга ISBN
Международен стандартен номер на книга ISBN 954-320-056-4
-- издат.: Рива
040 ## - Източник на каталожния запис
Идентификатор на билиотеката - собственик на записа BLK
041 ## - Код за език
Код за езика на текст/звукозапис или на отделно заглавие Български
Код за езика КДБФ Български
080 ## - УДК
Текстов определител УДК Обща световна история. История на света
УДК код - определител по УДК 930.9
УДК определител
УДК - код + определител 930.9
100 1# - Редна дума - Автор
Автор Баро, Жан-Клод
Авторска отговорност първи автор
R(LIN) 301125
139 ## - Редно поле
Редна дума Баро, Жан-Клод и др.
Авторски знак Бар - Б 26
245 10 - Сведения за заглавието
Заглавие История на света
Подзаглавни данни От праист. времена до наши дни
Редно поле (дума) Жан-Клод Баро; съавт. Гийом Биго; прев. от фр. Венелин Йовков Пройков.
257 ## - Страна на издаване
Страна на създаване/издаване Франция
260 ## - Област на издателските данни
-- София
Име на издателя, разпространителя и проч. Рива
Година на издаване 2006
Печатница В. Търново : Абагар
300 ## - Физическа характеристика
Страници 304 с.
Размери/Мащаб 23 см
380 ## - Жанр
Жанр История
500 ## - Общи забележки
Забележка Ориг. загл. Toute l'histoire du monde / Jean-Claude Barreau, Guillaume Bigot. - Офс. изд.
650 #4 - Допълнително описание по предмет – тема
Основно описание – тема или топоним История, световна
9 (RLIN) 261939
653 ## - Ключова дума – ненормативна
Ключова дума световна история
700 1# - Други автори (авторска отговорност)
Лично име Биго, Гийом
Автороска отговорност (Описва отношението между автора и произведението) съавт.
9 (RLIN) 38942
700 1# - Други автори (авторска отговорност)
Лично име Пройков, Венелин Йовков
Автороска отговорност (Описва отношението между автора и произведението) прев. от фр.
9 (RLIN) 250480
852 ## - Местоположение
Форматна сигнатура Цб 227159
856 4# - Електронен адрес и достъп
Електронен формат pdf - файл
Път до файла /url/
856 4# - Електронен адрес и достъп
Електронен формат pdf - файл
Път до файла /url/
942 ## - АРТИКУЛИ
Вид на библиотечния материал Книги
Скрит в OPAC Не
Koha issues (borrowed), all copies 6
944 ## - СЪЗДАВАНЕ И РЕДАКЦИЯ на ЗАПИСА
Създаване/Редакция Създаване
Дата на регистрацията/редакция 05.05.2006
Служител, извършил регистрацията/редакцията Пенка_Димитрова
944 ## - СЪЗДАВАНЕ И РЕДАКЦИЯ на ЗАПИСА
Създаване/Редакция Редакция
Дата на регистрацията/редакция 06.03.2008
Служител, извършил регистрацията/редакцията
999 ## - СИСТЕМНИ КОНТРОЛНИ НОМЕРА
Koha biblionumber 112305
Koha biblioitemnumber 112305
Наличности
Код за отписване Код за изгубен артикул Източник на класификационната схема Код за повреда Коз за рестрикции Код за отдаване Артикулен № Име на библиотеката - собственик Име на библиотеката, в която се намира в момента Статус (Текущо местоположение) Дата на вписване в системата Местоположение - отдел Цена в лева Инвентарен номер Систематично азбучна сигнатура Баркод Номер на екземпляра Цена в евро Служебна бележка Служебен тип на артикула
  Не е изгубен Universal Decimal Classification Не е повреден без рестрикции заемане за дома 180133 Регионална библиотека "Любен Каравелов" Русе Регионална библиотека "Любен Каравелов" Русе Заемна - подръчен фонд 2006-05-04 Заемна - подръчен фонд 13.50 120000701659 93/94/Б 26 Ж 120000701659 1 6.90 Дост: Pk Вид: Ф N: 40439 Дата: 03.05.2006 Дата инв: 01.03.2018 Бележки инв: П2018 Книги
Изтеглен Не е изгубен Universal Decimal Classification Не е повреден без рестрикции заемане за дома 180134 Регионална библиотека "Любен Каравелов" Русе Регионална библиотека "Любен Каравелов" Русе Заемна - подръчен фонд 2006-12-27 Заемна - подръчен фонд 13.50 120000707830 П 93/99/Б 26 120000707830 2 6.90 Дост: Pk Вид: Ф N: 47554 Дата: 20.12.2006 Книги
Изтеглен Не е изгубен Universal Decimal Classification Не е повреден без рестрикции заемане за дома 180135 Регионална библиотека "Любен Каравелов" Русе Регионална библиотека "Любен Каравелов" Русе Заемна - подръчен фонд 2007-04-05 Заемна - подръчен фонд 13.50 120000712105 П 93/99/Б 26 120000712105 3 6.90 Дост: Pk Вид: Ф N: 3177 Дата: 04.04.2007 Книги
  Не е изгубен Universal Decimal Classification Не е повреден без рестрикции заемане за дома 180136 Регионална библиотека "Любен Каравелов" Русе Регионална библиотека "Любен Каравелов" Русе Заемна - подръчен фонд 2007-12-17 Заемна - подръчен фонд 13.50 120000721085 93/94/Б 26 Ж 120000721085 4 6.90 Дост: Pk Вид: Ф N: 12874 Дата: 14.12.2007 Дата инв: 07.02.2018 Бележки инв: П2018 Книги
  Не е изгубен Universal Decimal Classification Не е повреден без рестрикции ползва се в читалня 180137 Регионална библиотека "Любен Каравелов" Русе Регионална библиотека "Любен Каравелов" Русе Читалня 2007-12-17 Читалня 13.50 120000721086 Ч 93/94/Б 26 Ж 120000721086 5 6.90 Дост: Pk Вид: Ф N: 12874 Дата: 14.12.2007 Дата инв: 28.03.2017 Бележки инв: Ч2017 Книги
  Не е изгубен   Не е повреден без рестрикции ползва се в читалня 180138 Регионална библиотека "Любен Каравелов" Русе Регионална библиотека "Любен Каравелов" Русе Хранилище 2008-03-06 Хранилище 13.50 120000724113 Цб 227159 120000724113 6 6.90 Дост: Dp Вид: Д N: 1 Дата: 29.11.2007 Книги
Vip Innovations Ltd, Rousse, Bulgaria 2025